Music Quiz

Random Music Quiz

Movie - Hoodie Allen (Part 2) Quiz Stats

 Plays Quiz not verified by Sporcle

Support Sporcle.
Go Orange.
Score 0/209 Timer 14:00
0 Plays Today
Hint Lyric % Correct
Verse 2 (continued):I
100%
was
100%
just
100%
writing
100%
these
100%
raps,
100%
trying
100%
to
100%
bring
100%
the
100%
whole
100%
city
100%
with
100%
me
100%
I
100%
went
100%
from
100%
being
100%
Home
100%
Alone
100%
and
100%
now
100%
I'm
100%
Richie,
100%
Richie
100%
I
100%
my
100%
life
100%
behind
100%
me,
100%
in
100%
the
100%
camera
100%
I
100%
got
100%
these
100%
going
100%
crazy,
100%
call
100%
Jessica
100%
Alba
100%
These
100%
other
100%
rappers
100%
are
100%
like
100%
how
100%
come
100%
they
100%
can't
100%
get
100%
to
100%
where
100%
I
100%
did
100%
come
100%
homie
100%
I'm
100%
I
100%
got
100%
on
100%
my
100%
homie
100%
I'm
100%
so
100%
they
100%
go
100%
home
100%
to
100%
and
100%
Hint Lyric % Correct
rewind
100%
it
100%
rappers
100%
are
100%
like
100%
they
100%
got
100%
now
100%
They
100%
me
100%
make
100%
it
100%
homie,
100%
you
100%
Bridge:Is
100%
it
100%
your
100%
eyes?
100%
Is
100%
it
100%
your
100%
hair?
100%
Is
100%
it
100%
your
100%
look?
100%
Is
100%
it
100%
your
100%
stare?
100%
I
100%
swear
100%
the
100%
camera
100%
love,
100%
love,
100%
love,
100%
love
100%
I
100%
swear
100%
the
100%
camera
100%
love
100%
you
100%
Is
100%
it
100%
your
100%
eyes?
100%
Is
100%
it
100%
your
100%
hair?
100%
Is
100%
it
100%
your
100%
look?
100%
Is
100%
it
100%
your
100%
stare?
100%
I'm
100%
tryna
100%
cut,
100%
cut
100%
Oh
100%
this
100%
is
100%
the
100%
cut-
100%
the
100%
Hint Lyric % Correct
director's
100%
cut
100%
Modified Hook:Hey
100%
girl,
100%
let's
100%
make
100%
a
100%
movie
100%
You
100%
can
100%
be
100%
my
100%
leading
100%
lady
100%
beauty
100%
Grab
100%
your
100%
camera,
100%
don't
100%
be
100%
shy
100%
Things
100%
ain't
100%
always
100%
black
100%
and
100%
white
100%
We
100%
can
100%
make
100%
this
100%
world
100%
into
100%
our
100%
movie
100%
Outro:Now
100%
let
100%
the
100%
play...
100%
old
90.9%
front
90.9%
of
90.9%
that
90.9%
bitches
90.9%
dick
90.9%
dope,
90.9%
acting
90.9%
some
90.9%
wait
90.9%
around
90.9%
well
90.9%
horns
90.9%
put
81.8%
honeys
81.8%
here
81.8%
clips
81.8%
grinding
81.8%
It's
81.8%
TiVo
81.8%
busy
81.8%
jumped
72.7%
bad
72.7%
Struggling
72.7%
waiters
72.7%
watching
72.7%
shining
63.6%
Vring
54.5%
vring,
54.5%
Johnny
54.5%

You're not logged in!

Compare scores with friends on all Sporcle quizzes.
OR
Log In

From the Vault

Most Matches Won (French Open)

by soljaris

Pardon our French. Open.

You Might Also Like...

Remove Ads.
Support Sporcle.
Get the best of Sporcle when you Go Orange. This ad-free experience offers more features, more stats, and more fun while also helping to support Sporcle. Thank you for becoming a member.

Show Comments

Extras

Created Feb 3, 2017ReportNominate
Tags:allen

Top Quizzes Today


Score Distribution

Your Account Isn't Verified!

In order to create a playlist on Sporcle, you need to verify the email address you used during registration. Go to your Sporcle Settings to finish the process.

Report this User

Report this user for behavior that violates our Community Guidelines.

Details: